La negociación de adquisiones internacionales (Registro nro. 14468)
[ vista simple ]
| 000 -LEADER | |
|---|---|
| fixed length control field | 00338 a2200109 4500 |
| 001 - CONTROL NUMBER | |
| control field | ART_9903 |
| 005 - DATE AND TIME OF LATEST TRANSACTION | |
| control field | 20260410161653.0 |
| 008 - FIXED-LENGTH DATA ELEMENTS--GENERAL INFORMATION | |
| fixed length control field | 260409a |
| 100 1# - MAIN ENTRY--PERSONAL NAME | |
| Personal name | Sebenius, James K. |
| 245 10 - TITLE STATEMENT | |
| Title | La negociación de adquisiones internacionales |
| 773 0# - HOST ITEM ENTRY | |
| Title | Harvard Deusto Business Review |
| Related parts | - Nº 85 (jul./ago. 1998) |
| Record control number | REV521 |
No hay ítems disponibles.